000 00646nam a2200229 a 4500
001 16373
003 CO-ViMGA
008 141112s2004 ck r 000 u spa d
020 _a9583008877
040 _aCO-ViMGA
_bspa
_cCO-ViMGA
082 0 4 _aCo863.5 G653g
100 1 _aGómez, Efe
_923411
245 1 0 _aGuayabo negro y otros cuentos
260 _aBogotá :
_bPanAméricana,
_c2003
300 _a160.p.
490 _aBiblioteca de temas Colombianos
590 _aForma de adquisición : Premio - Mincultura
650 1 4 _aCUENTOS COLOMBIANOS
650 1 4 _aEMOCIONES - CUENTOS
_923412
650 1 4 _aMUERTE - CUENTOS
_92185
942 _2ddc
_cBK
999 _c3134
_d3134